| 000 -LEADER |
| fixed length control field |
01006cam a2200193 a 4500 |
| 040 ## - CATALOGING SOURCE |
| Transcribing agency |
DLC |
| 082 00 - DEWEY DECIMAL CLASSIFICATION NUMBER |
| Classification number |
649 NAT 1981 C154 Or. |
| 100 1# - MAIN ENTRY--AUTHOR NAME |
| Personal name |
Gilbertson, Esther. |
| 245 12 - TITLE STATEMENT |
| Title |
A better answer, a handbook for homemaker-home health aides working with persons with developmental disabilities and their families / |
| 260 ## - PUBLICATION, DISTRIBUTION, ETC. (IMPRINT) |
| Place of publication |
New York, N.Y. (67 Irving Place, New York 10003) : |
| Name of publisher |
National HomeCaring Council, |
| Year of publication |
c1981. |
| 300 ## - PHYSICAL DESCRIPTION |
| Number of Pages |
ix, 97 p. : |
| Other physical details |
ill. ; |
| Dimensions |
26 cm. |
| 500 ## - GENERAL NOTE |
| General note |
Cover title: A better answer, homemaker-home health aide services for the person with developmental disabilities and family--a handbook for aides. |
| 500 ## - GENERAL NOTE |
| General note |
"Published to complement A better answer, homemaker-home health aides working with persons with developmental disabilities and their families--a manual for instructors." |
| 650 #0 - SUBJECT ADDED ENTRY--TOPICAL TERM |
| Topical Term |
Developmentally disabled children |
| 650 #0 - SUBJECT ADDED ENTRY--TOPICAL TERM |
| Topical Term |
Developmentally disabled children |
| 700 1# - ADDED ENTRY--PERSONAL NAME |
| Personal name |
Gilbertson, Esther. |
| 710 2# - ADDED ENTRY--CORPORATE NAME |
| Corporate name or jurisdiction name as entry element |
National HomeCaring Council (U.S.) |
| 942 ## - ADDED ENTRY ELEMENTS (KOHA) |
| Koha item type |
ADB |
| 952 ## - LOCATION AND ITEM INFORMATION (KOHA) |
| Withdrawn status [LOCAL, KOHA] |
0 |